000 00403nam a2200157Ia 4500
008 210210b1999 xxu||||| |||| 00| 0 eng d
020 _a81 7524 026 1
082 _a796.323 SHAC
100 _aSHARMA (O P).
245 _aCoaching basketball.
260 _aDelhi.
_bKhel Sahitya Kendra.,
_c1999
300 _a166
650 _aBasket ball
690 _aAthletic & Outdoor Sports
906 _aSG03800
999 _c114789
_d114789